[Event "Kstovo Chess Hopes op"]
[Site "Kstovo"]
[Date "2015.06.27"]
[Round "4"]
[White "Hilova, Vlada"]
[Black "Zhukov , Maksim"]
[Result "1/2-1/2"]
[WhiteElo "1770"]
[BlackElo "1658"]
[PlyCount "62"]
[EventDate "2015.06.24"]
[EventType "swiss"]
[EventRounds "9"]
[EventCountry "RUS"]
[SourceTitle "CBM 167 Extra"]
[Source "ChessBase"]
[SourceDate "2015.09.14"]
[SourceVersion "1"]
[SourceVersionDate "2015.09.14"]
[SourceQuality "1"]

1. d4 g6 2. Nf3 Bg7 3. g3 Nf6 4. Bg2 0-0 5. 0-0 d5 6. c4 dxc4 7. Na3 c3 8. bxc3 c5 9. Nc4 Nc6 10. Ba3 cxd4 11. cxd4 Bg4 12. Nce5 Bxf3 13. Nxf3 Re8 14. Qd3 Nd5 15. Rab1 Nb6 16. e3 e5 17. Qb5 exd4 18. exd4 Nxd4 19. Nxd4 Qxd4 20. Bxb7 Rad8 21. Bc5 Qd3 22. Qxd3 Rxd3 23. Bxb6 axb6 24. Rxb6 Bd4 25. Rb3 Rxb3 26. axb3 Re2 27. Bd5 Kg7 28. Kg2 Rb2 29. g4 g5 30. Kg3 Be5+ 31. Kg2 Bd4 1/2-1/2

[Event "Kstovo Kichigin Memorial op 5th"]
[Site "Kstovo"]
[Date "2015.01.16"]
[Round "1"]
[White "Miasnikov, D."]
[Black "Hilova, Vlada"]
[Result "0-1"]
[WhiteElo "1510"]
[BlackElo "1762"]
[PlyCount "50"]
[EventDate "2015.01.16"]
[EventType "swiss"]
[EventRounds "9"]
[EventCountry "RUS"]
[SourceTitle "CBM 164 Extra"]
[Source "ChessBase"]
[SourceDate "2015.03.02"]
[SourceVersion "1"]
[SourceVersionDate "2015.03.02"]
[SourceQuality "1"]

1. e4 c5 2. Bc4 Nc6 3. Nf3 g6 4. Nc3 Bg7 5. d3 d6 6. h3 Nf6 7. 0-0 0-0 8. Bf4 Na5 9. Bb5 a6 10. Ba4 b5 11. Bb3 Nxb3 12. axb3 Bb7 13. Re1 d5 14. e5 Nh5 15. Bh2 Bh6 16. g4 Nf4 17. h4 Qc8 18. g5 Qg4+ 19. Bg3 Bg7 20. Nb1 f6 21. exf6 exf6 22. gxf6 Rxf6 23. c4 dxc4 24. bxc4 Bxf3 25. Qb3 Qh3 0-1

[Event "Nizhnij Novgorod Dubinin Memorial 22nd"]
[Site "Nizhnij Novgorod"]
[Date "2015.??.??"]
[Round "3"]
[White "Hilova, Vlada"]
[Black "Kukushkin, Alexander"]
[Result "1-0"]
[WhiteElo "1857"]
[BlackElo "1494"]
[PlyCount "91"]
[EventDate "2015.01.03"]
[EventType "swiss"]
[EventRounds "9"]
[EventCountry "RUS"]
[SourceTitle "CBM 164 Extra"]
[Source "ChessBase"]
[SourceDate "2015.03.02"]
[SourceVersion "1"]
[SourceVersionDate "2015.03.02"]
[SourceQuality "1"]

1. d4 d5 2. c4 e6 3. Nf3 Nf6 4. g3 Be7 5. Bg2 0-0 6. Qc2 Nbd7 7. 0-0 Re8 8. Nbd2 Nf8 9. e4 dxe4 10. Nxe4 Ng6 11. Rd1 c6 12. Bg5 Nxe4 13. Bxe7 Qxe7 14. Qxe4 Bd7 15. Rac1 Rad8 16. h4 h6 17. Ne5 Nf8 18. c5 Nh7 19. Nc4 Nf6 20. Qe5 Bc8 21. Nd6 Rf8 22. Nf5 Qd7 23. Nxh6+ Kh8 24. Bf3 Nh7 25. Ng4 f5 26. Nh2 Rf6 27. Bg2 Rdf8 28. Qf4 Rg6 29. Nf3 Qd8 30. Ne5 Rh6 31. Nf3 Nf6 32. Ng5 Nh5 33. Qe5 Nf6 34. Nxe6 Bxe6 35. Qxe6 f4 36. Qe5 fxg3 37. fxg3 Qd7 38. Rf1 Re8 39. Qf4 Nh5 40. Qf2 Qc7 41. Rce1 Rd8 42. Re3 Rf6 43. Qe1 Rxf1+ 44. Qxf1 Nxg3 45. Qf3 Rxd4 46. Qxg3 1-0

[Event "Nizhnij Novgorod Region-ch"]
[Site "Nizhnij Novgorod"]
[Date "2013.10.19"]
[Round "1"]
[White "Vorobiov, Dmitry"]
[Black "Hilova, Vlada"]
[Result "1-0"]
[WhiteElo "2116"]
[BlackElo "1744"]
[PlyCount "61"]
[EventDate "2013.10.19"]
[EventType "swiss"]
[EventRounds "9"]
[EventCountry "RUS"]
[SourceTitle "EXT 2022"]
[Source "ChessBase"]
[SourceDate "2021.10.06"]
[SourceVersion "1"]
[SourceVersionDate "2021.10.06"]
[SourceQuality "1"]

1. e4 c5 2. Nc3 Nc6 3. f4 g6 4. Bb5 Bg7 5. Nf3 d6 6. 0-0 e6 7. Bxc6+ bxc6 8. d3 Ne7 9. Qe1 0-0 10. Bd2 d5 11. Kh1 Ba6 12. b3 Rb8 13. Rd1 Qc7 14. Qh4 Rfd8 15. f5 dxe4 16. Ng5 h6 17. f6 Nf5 18. Rxf5 hxg5 19. Bxg5 Bh8 20. Bf4 Qb7 21. Rh5 gxh5 22. Nxe4 c4 23. Qg5+ Kf8 24. Qh6+ Kg8 25. Ng5 Bxf6 26. Qxf6 cxd3 27. Be5 Kf8 28. cxd3 Ra8 29. Nxe6+ Ke8 30. Nc5 Qb5 31. Re1 1-0

[Event "Kstovo Chess Hopes op"]
[Site "Kstovo"]
[Date "2013.06.26"]
[Round "6"]
[White "Baryshev, Sergey"]
[Black "Hilova, Vlada"]
[Result "1-0"]
[WhiteElo "1740"]
[BlackElo "1752"]
[PlyCount "47"]
[EventDate "2013.06.24"]
[EventType "swiss"]
[EventRounds "9"]
[EventCountry "RUS"]
[SourceTitle "EXT 2018"]
[Source "ChessBase"]
[SourceDate "2017.10.13"]
[SourceVersion "1"]
[SourceVersionDate "2017.10.13"]
[SourceQuality "1"]

1. e4 c5 2. Nf3 Nc6 3. g3 g6 4. Bg2 Bg7 5. 0-0 Nf6 6. d3 0-0 7. Nc3 d6 8. Nd5 Rb8 9. Rb1 b5 10. Re1 b4 11. Ne3 Qa5 12. Ra1 Ba6 13. Bd2 Qc7 14. c4 e6 15. Rb1 Nd7 16. Ng4 h5 17. Nh6+ Kh8 18. g4 Nf6 19. g5 Nd7 20. Nh4 Nde5 21. Re3 Ne7 22. Bf3 Qd8 23. Nxf7+ Rxf7 24. Nxg6+ 1-0

[Event "World School-ch U11 Girls 9th"]
[Site "Porto Carras"]
[Date "2013.05.14"]
[Round "9"]
[White "Badelka, Olga"]
[Black "Hilova, Vlada"]
[Result "1-0"]
[WhiteElo "1754"]
[BlackElo "1780"]
[PlyCount "113"]
[EventDate "2013.05.07"]
[EventType "swiss"]
[EventRounds "9"]
[EventCountry "GRE"]
[SourceTitle "CBM 154 Extra"]
[Source "ChessBase"]
[SourceDate "2013.06.25"]
[SourceVersion "2"]
[SourceVersionDate "2013.06.25"]
[SourceQuality "1"]

1. e4 e6 2. d4 d5 3. Nd2 Nf6 4. e5 Nfd7 5. Bd3 c5 6. c3 Nc6 7. Ne2 cxd4 8. cxd4 f6 9. exf6 Qxf6 10. Nf3 h6 11. 0-0 Bd6 12. a3 0-0 13. Bc2 Rd8 14. Qd3 Nf8 15. g3 e5 16. dxe5 Nxe5 17. Nxe5 Bxe5 18. Nf4 Bxf4 19. Bxf4 Bh3 20. Rfe1 Rac8 21. Be5 Qc6 22. Bb3 Be6 23. Qd4 Rd7 24. Rad1 a6 25. Rd2 b5 26. Rc2 Qb7 27. Rec1 Rxc2 28. Rxc2 Ng6 29. Rd2 Nxe5 30. Qxe5 Bf7 31. Bc2 Re7 32. Qf5 Re1+ 33. Kg2 d4+ 34. f3 g6 35. Qf4 d3 36. Bxd3 Qb6 37. Rf2 Re3 38. Be4 h5 39. Rc2 Rb3 40. Qe5 Bc4 41. Qe8+ Kg7 42. Qe7+ Bf7 43. Bd5 Qf6 44. Qxf6+ Kxf6 45. Bxb3 Bxb3 46. Rc6+ Kf5 47. Rxa6 Bc4 48. Rb6 Bd3 49. b3 Ke5 50. a4 bxa4 51. bxa4 Kd5 52. a5 Kc5 53. Kf2 Bf5 54. Ke3 Bc2 55. Kf4 Bf5 56. Kg5 Bc2 57. Rxg6 1-0

[Event "Nizhnij Novgorod Region-ch"]
[Site "Nizhnij Novgorod"]
[Date "2012.10.14"]
[Round "?"]
[White "Podshibikhin, Yuri"]
[Black "Hilova, Vlada"]
[Result "1-0"]
[WhiteElo "1993"]
[BlackElo "1732"]
[PlyCount "93"]
[EventDate "2012.10.06"]
[EventType "swiss"]
[EventRounds "9"]
[EventCountry "RUS"]
[SourceTitle "EXT 2022"]
[Source "ChessBase"]
[SourceDate "2021.10.06"]
[SourceVersion "1"]
[SourceVersionDate "2021.10.06"]
[SourceQuality "1"]

1. d4 Nf6 2. c4 c5 3. e3 cxd4 4. exd4 d5 5. Nc3 g6 6. Qb3 Bg7 7. cxd5 0-0 8. Nf3 Nbd7 9. Bf4 Nb6 10. Be5 Nfxd5 11. Nxd5 Nxd5 12. Bc4 Qa5+ 13. Kf1 e6 14. h4 b6 15. h5 Ba6 16. hxg6 fxg6 17. Bxg7 Kxg7 18. Bxa6 Qxa6+ 19. Kg1 Nf4 20. Rh4 Ne2+ 21. Kh1 Nf4 22. Qe3 Nh5 23. Re4 Rae8 24. d5 Nf6 25. Rxe6 Rxe6 26. dxe6 Qb5 27. Qc3 Qf5 28. Re1 Kg8 29. e7 Re8 30. Qc7 Rc8 31. Qxa7 Qc5 32. Qa4 Re8 33. Qb3+ Kg7 34. Qe3 Qb5 35. b3 Qa5 36. Qd2 Qc5 37. b4 Qh5+ 38. Kg1 Qb5 39. Qd4 Qc6 40. Qe5 Qa4 41. Qb2 Qb5 42. Qd4 Qc6 43. Ng5 Qa4 44. Ne6+ Kf7 45. Nd8+ Kg7 46. Re6 Qxa2 47. Qxf6+ 1-0

[Event "Nizhnij Novgorod Region-ch"]
[Site "Nizhnij Novgorod"]
[Date "2012.10.12"]
[Round "?"]
[White "Bodyagin, Anton"]
[Black "Hilova, Vlada"]
[Result "1-0"]
[WhiteElo "1898"]
[BlackElo "1732"]
[PlyCount "52"]
[EventDate "2012.10.06"]
[EventType "swiss"]
[EventRounds "9"]
[EventCountry "RUS"]
[SourceTitle "EXT 2022"]
[Source "ChessBase"]
[SourceDate "2021.10.06"]
[SourceVersion "1"]
[SourceVersionDate "2021.10.06"]
[SourceQuality "1"]

1. Nf3 Nf6 2. c4 d6 3. d4 Nbd7 4. Nc3 e5 5. d5 Be7 6. e4 0-0 7. Be2 c6 8. 0-0 Nc5 9. Qc2 a5 10. Be3 cxd5 11. cxd5 b6 12. h3 Bd7 13. Rac1 Rc8 14. Qb1 Ne8 15. b4 axb4 16. Qxb4 f5 17. exf5 Bxf5 18. Rfd1 Nf6 19. Nd2 Qe8 20. Nc4 Qg6 21. Kh2 Nfe4 22. Nxb6 Bh4 23. Nxc8 Bg3+ 24. Kh1 Bxc8 25. Nxe4 Nxe4 26. Rxc8 Rxc8 1-0

[Event "Kstovo op"]
[Site "Kstovo"]
[Date "2012.09.14"]
[Round "7"]
[White "Hilova, Vlada"]
[Black "Kulagina, Ekaterina"]
[Result "1/2-1/2"]
[WhiteElo "1709"]
[BlackElo "1805"]
[PlyCount "102"]
[EventDate "2012.09.08"]
[EventType "swiss"]
[EventRounds "9"]
[EventCountry "RUS"]
[SourceTitle "EXT 2013"]
[Source "ChessBase"]
[SourceDate "2012.11.22"]
[SourceVersion "1"]
[SourceVersionDate "2012.11.22"]
[SourceQuality "1"]

1. e4 c5 2. Nf3 Nc6 3. d4 cxd4 4. Nxd4 g6 5. c4 Nf6 6. Nc3 Nxd4 7. Qxd4 d6 8. Be3 Bg7 9. Qd2 0-0 10. Be2 a5 11. Rc1 a4 12. 0-0 Be6 13. f3 Qa5 14. Rfd1 Rfc8 15. Nd5 Bxd5 16. exd5 Nd7 17. Bg5 Qxd2 18. Rxd2 Bf6 19. Bxf6 exf6 20. Bf1 Nc5 21. Re1 Re8 22. Rde2 Kf8 23. g3 f5 24. Rxe8+ Rxe8 25. Rxe8+ Kxe8 26. Kf2 Ke7 27. Ke3 Kf6 28. f4 b6 29. Bg2 h6 30. Kd4 g5 31. Kc3 gxf4 32. gxf4 Kg6 33. Bf3 Kf6 34. b3 axb3 35. axb3 Ke7 36. Kb4 Kd7 37. Bh5 f6 38. Bg6 Nd3+ 39. Kb5 Kc7 40. Bxf5 Nxf4 41. b4 Ne2 42. Ka4 Nd4 43. Bh3 Nf3 44. Kb5 Nxh2 45. c5 bxc5 46. bxc5 Nf3 47. c6 h5 48. Kc4 h4 49. Kd3 Ne5+ 50. Ke4 Nxc6 51. dxc6 Kxc6 1/2-1/2

[Event "Kstovo op"]
[Site "Kstovo"]
[Date "2012.09.13"]
[Round "6"]
[White "Gorozhanin, Mikhail"]
[Black "Hilova, Vlada"]
[Result "1-0"]
[WhiteElo "2252"]
[BlackElo "1709"]
[PlyCount "82"]
[EventDate "2012.09.08"]
[EventType "swiss"]
[EventRounds "9"]
[EventCountry "RUS"]
[SourceTitle "EXT 2013"]
[Source "ChessBase"]
[SourceDate "2012.11.22"]
[SourceVersion "1"]
[SourceVersionDate "2012.11.22"]
[SourceQuality "1"]

1. d4 Nf6 2. Nf3 d6 3. g3 Nbd7 4. Bg2 e5 5. c4 Be7 6. Nc3 0-0 7. 0-0 c6 8. e4 Re8 9. h3 Bf8 10. d5 cxd5 11. cxd5 Nc5 12. Qc2 b5 13. b4 Na6 14. a3 Bd7 15. Qd3 Nc7 16. Be3 Qb8 17. Nd2 a5 18. f4 Qb7 19. f5 axb4 20. axb4 Rxa1 21. Rxa1 Ra8 22. Qb1 Rxa1 23. Qxa1 Qa6 24. Qa5 Qxa5 25. bxa5 Be7 26. Na2 Na6 27. Bb6 Ne8 28. Kf2 g6 29. fxg6 hxg6 30. h4 f5 31. Bf1 Bf8 32. Bd8 Bh6 33. Nb1 Kf7 34. Nbc3 Nec7 35. Bd3 b4 36. Bxc7 bxc3 37. Bxa6 c2 38. Bb6 c1Q 39. Nxc1 Bxc1 40. Bb7 Bb5 41. a6 Bxa6 1-0

[Event "Kstovo op"]
[Site "Kstovo"]
[Date "2012.09.12"]
[Round "5"]
[White "Hilova, Vlada"]
[Black "Novikov, Danila"]
[Result "1-0"]
[WhiteElo "1709"]
[BlackElo "1754"]
[PlyCount "87"]
[EventDate "2012.09.08"]
[EventType "swiss"]
[EventRounds "9"]
[EventCountry "RUS"]
[SourceTitle "EXT 2013"]
[Source "ChessBase"]
[SourceDate "2012.11.22"]
[SourceVersion "1"]
[SourceVersionDate "2012.11.22"]
[SourceQuality "1"]

1. e4 d5 2. exd5 Qxd5 3. Nc3 Qa5 4. Bc4 Nf6 5. d3 Bg4 6. f3 Bf5 7. Bd2 Qc5 8. Qe2 Nc6 9. 0-0-0 e6 10. g4 Nd4 11. Qe3 Bg6 12. h4 h6 13. Nh3 0-0-0 14. Nf4 Bh7 15. Nce2 e5 16. Nh3 Nd5 17. Qf2 Nxe2+ 18. Qxe2 Nb6 19. Be3 Qe7 20. Bb3 g6 21. g5 h5 22. Rde1 Nd5 23. Bxa7 b6 24. Qe4 Qd6 25. c4 Nb4 26. Ba4 c5 27. Nf2 Nxa2+ 28. Kb1 Nb4 29. Ka1 Qd4 30. Qxd4 Rxd4 31. Bxb6 Kb7 32. Ba5 Nxd3 33. Nxd3 Rxd3 34. Rxe5 Rxf3 35. Bc3 Rg8 36. Rd1 Rf4 37. Rd7+ Kb6 38. Bb5 Bg7 39. Ree7 Bxc3 40. Rb7+ Ka5 41. Ra7+ Kb4 42. Re3 Bxb2+ 43. Ka2 Rxc4 44. Rb3# 1-0

[Event "Kstovo op"]
[Site "Kstovo"]
[Date "2012.09.11"]
[Round "4"]
[White "Hilova, Vlada"]
[Black "Podshibikhin, Yuri"]
[Result "1-0"]
[WhiteElo "1709"]
[BlackElo "1993"]
[PlyCount "63"]
[EventDate "2012.09.08"]
[EventType "swiss"]
[EventRounds "9"]
[EventCountry "RUS"]
[SourceTitle "EXT 2013"]
[Source "ChessBase"]
[SourceDate "2012.11.22"]
[SourceVersion "1"]
[SourceVersionDate "2012.11.22"]
[SourceQuality "1"]

1. e4 g6 2. d4 Bg7 3. c3 d6 4. Bd3 b6 5. Nf3 Bb7 6. Bf4 Nd7 7. Bg5 h6 8. Bh4 a6 9. Nbd2 c5 10. Nc4 Qc7 11. 0-0 b5 12. Ncd2 c4 13. Bc2 e5 14. a4 Ngf6 15. axb5 axb5 16. Rxa8+ Bxa8 17. Qa1 0-0 18. Qa6 g5 19. Bg3 Bc6 20. dxe5 Nc5 21. exd6 Qd7 22. Qb6 Ncxe4 23. Ne5 Qb7 24. Qxc6 Qxc6 25. Nxc6 Nxd2 26. Rd1 Nfe4 27. f3 Nxg3 28. hxg3 Bf6 29. Rxd2 Kg7 30. d7 Ra8 31. d8Q Bxd8 32. Rxd8 1-0

[Event "Kstovo op"]
[Site "Kstovo"]
[Date "2012.09.10"]
[Round "3"]
[White "Jevtushenko, VV."]
[Black "Hilova, Vlada"]
[Result "1/2-1/2"]
[WhiteElo "1804"]
[BlackElo "1709"]
[PlyCount "100"]
[EventDate "2012.09.08"]
[EventType "swiss"]
[EventRounds "9"]
[EventCountry "RUS"]
[SourceTitle "EXT 2013"]
[Source "ChessBase"]
[SourceDate "2012.11.22"]
[SourceVersion "1"]
[SourceVersionDate "2012.11.22"]
[SourceQuality "1"]

1. c4 Nf6 2. d4 c5 3. Nf3 g6 4. e3 Bg7 5. Be2 0-0 6. 0-0 cxd4 7. exd4 d5 8. Nc3 Nc6 9. c5 Bf5 10. Bf4 Ne4 11. Be3 Rc8 12. Qc1 b6 13. cxb6 axb6 14. Qd1 Na5 15. Rc1 Nc4 16. Bxc4 dxc4 17. Nxe4 Bxe4 18. Ne1 b5 19. f3 Bf5 20. g4 Be6 21. Nc2 Qd6 22. a3 c3 23. bxc3 Rxc3 24. Qd2 Rfc8 25. Rfd1 Bb3 26. Nb4 Rxc1 27. Rxc1 Rxc1+ 28. Qxc1 Bxd4 29. Kg2 Bxe3 30. Qxe3 Qe6 31. Qxe6 Bxe6 32. g5 f6 33. h4 fxg5 34. hxg5 Kf7 35. Kg3 Bf5 36. Nc6 Bd7 37. Nd4 e5 38. Ne2 Ke6 39. Nc3 Bc6 40. f4 e4 41. Kf2 Kd6 42. Nd1 Kc5 43. Ne3 Kd4 44. f5 gxf5 45. Nxf5+ Kc3 46. Ke3 Kb3 47. Nd4+ Kxa3 48. Nxc6 b4 49. Nxb4 Kxb4 50. Kxe4 Kc4 1/2-1/2

[Event "Nizhnij Novgorod Juniors"]
[Site "Nizhnij Novgorod"]
[Date "2012.08.??"]
[Round "?"]
[White "Hilova, Vlada"]
[Black "Sakulo, Denis"]
[Result "1/2-1/2"]
[WhiteElo "1667"]
[BlackElo "1910"]
[PlyCount "81"]
[EventDate "2012.08.22"]
[EventType "swiss"]
[EventRounds "9"]
[EventCountry "RUS"]
[SourceTitle "EXT 2023"]
[Source "ChessBase"]
[SourceDate "2022.10.05"]
[SourceVersion "1"]
[SourceVersionDate "2022.10.05"]
[SourceQuality "1"]

1. e4 c6 2. d4 d5 3. Nd2 dxe4 4. Nxe4 Bf5 5. Ng3 Bg6 6. Nf3 Nd7 7. h4 h6 8. h5 Bh7 9. Bd3 Bxd3 10. Qxd3 Qc7 11. Bd2 e6 12. 0-0-0 0-0-0 13. Qe2 Ngf6 14. Ne5 Nb6 15. Rh4 c5 16. Ba5 Kb8 17. Nf1 Bd6 18. dxc5 Bxe5 19. cxb6 axb6 20. Rxd8+ Rxd8 21. Bxb6 Bxb2+ 22. Kxb2 Qxb6+ 23. Kc1 Qa5 24. Nd2 Qc3 25. Nb3 Rc8 26. Rh3 Qb4 27. Qe5+ Ka8 28. Rd3 Ne4 29. Rd4 Qa3+ 30. Kd1 Nc3+ 31. Kd2 Qxa2 32. Nc5 Qa5 33. Nd7 Nb5+ 34. Ke3 Qe1+ 35. Kf3 Qxe5 36. Ra4+ Na7 37. Nb6+ Kb8 38. Nd7+ Ka8 39. Nb6+ Kb8 40. Nd7+ Ka8 41. Nb6+ 1/2-1/2

[Event "Nizhnij Novgorod Juniors"]
[Site "Nizhnij Novgorod"]
[Date "2012.08.??"]
[Round "?"]
[White "Vybin, Sergey"]
[Black "Hilova, Vlada"]
[Result "0-1"]
[WhiteElo "1784"]
[BlackElo "1667"]
[PlyCount "138"]
[EventDate "2012.08.22"]
[EventType "swiss"]
[EventRounds "9"]
[EventCountry "RUS"]
[SourceTitle "EXT 2023"]
[Source "ChessBase"]
[SourceDate "2022.10.05"]
[SourceVersion "1"]
[SourceVersionDate "2022.10.05"]
[SourceQuality "1"]

1. d4 Nf6 2. Nf3 c5 3. d5 b5 4. g3 g6 5. Bg2 d6 6. 0-0 Bg7 7. c4 Bb7 8. Nc3 b4 9. Na4 0-0 10. b3 Nxd5 11. Bb2 Nf6 12. e3 Nbd7 13. Qe2 e6 14. Rfd1 Qc7 15. Rac1 Rac8 16. Ne1 Bxg2 17. Nxg2 Rfd8 18. e4 Nh5 19. Bxg7 Nxg7 20. f4 Nb6 21. Nxb6 axb6 22. Ne3 Ra8 23. Ng4 Nh5 24. e5 d5 25. cxd5 exd5 26. e6 f5 27. Nh6+ Kg7 28. Nf7 Re8 29. Qb2+ Nf6 30. Rxd5 Rxe6 31. Ng5 Re7 32. Rcd1 Rae8 33. Kf1 Qc6 34. Nf3 Qb5+ 35. R5d3 Re3 36. Ne5 Rxd3 37. Nxd3 Rd8 38. Ke2 Re8+ 39. Kf1 Qc6 40. Nf2 Kh6 41. Kg1 Nd5 42. Nd3 Nc3 43. Rd2 Qe4 44. Ne5 Qe1+ 45. Kg2 Ne4 46. Re2 Qd1 47. g4 Qd5 48. g5+ Kh5 49. Re3 Nd2+ 50. Kg1 Rxe5 51. fxe5 Nf3+ 52. Kf2 Nxg5 53. Qe2+ Kh6 54. e6 Ne4+ 55. Rxe4 fxe4 56. Qg4 Qd4+ 57. Kg3 Qe3+ 58. Kg2 Qd2+ 59. Kh3 Qe3+ 60. Kg2 Qd2+ 61. Kh3 Qe3+ 62. Kg2 Qf3+ 63. Qxf3 exf3+ 64. Kxf3 Kg7 65. Ke4 Kf6 66. Kd5 Ke7 67. Kc6 Kxe6 68. Kxb6 Kd5 69. Kb5 g5 0-1

[Event "Kstovo Chess Hopes op"]
[Site "Kstovo"]
[Date "2012.07.??"]
[Round "7"]
[White "Hilova, Vlada"]
[Black "Pristalov, Evgeny"]
[Result "0-1"]
[WhiteElo "1667"]
[BlackElo "1989"]
[PlyCount "52"]
[EventDate "2012.07.??"]
[EventType "swiss"]
[EventRounds "9"]
[EventCountry "RUS"]
[SourceTitle "EXT 2014"]
[Source "ChessBase"]
[SourceDate "2013.11.20"]
[SourceVersion "1"]
[SourceVersionDate "2013.11.20"]
[SourceQuality "1"]

1. e4 Nf6 2. Nc3 d5 3. e5 Nfd7 4. d4 e6 5. f4 c5 6. Nf3 Nc6 7. Be3 Qb6 8. Na4 Qa5+ 9. c3 cxd4 10. b4 Qc7 11. Nxd4 a6 12. Nb3 f6 13. exf6 Nxf6 14. Be2 Bd6 15. 0-0 0-0 16. Nac5 e5 17. fxe5 Bxe5 18. Rc1 Bxh2+ 19. Kh1 Be5 20. Nd3 Ne4 21. Rxf8+ Kxf8 22. Qf1+ Kg8 23. Bf4 Ng3+ 24. Bxg3 Bxg3 25. Qf3 Qd6 26. Kg1 Be6 0-1

[Event "Kstovo Chess Hopes op"]
[Site "Kstovo"]
[Date "2012.07.??"]
[Round "1"]
[White "Hilova, Vlada"]
[Black "Vybin, Sergey"]
[Result "1-0"]
[WhiteElo "1667"]
[BlackElo "1784"]
[PlyCount "71"]
[EventDate "2012.07.??"]
[EventType "swiss"]
[EventRounds "9"]
[EventCountry "RUS"]
[SourceTitle "EXT 2014"]
[Source "ChessBase"]
[SourceDate "2013.11.20"]
[SourceVersion "1"]
[SourceVersionDate "2013.11.20"]
[SourceQuality "1"]

1. e4 c6 2. d4 d5 3. Nc3 dxe4 4. Nxe4 Bf5 5. Ng3 Bg6 6. Nf3 Nd7 7. h4 h6 8. h5 Bh7 9. Bd3 Bxd3 10. Qxd3 Qc7 11. Bd2 Ngf6 12. 0-0-0 e6 13. c4 0-0-0 14. Bc3 Bd6 15. Ne4 Nxe4 16. Qxe4 Nf6 17. Qe2 c5 18. dxc5 Bxc5 19. Be5 Qb6 20. Bg3 Ng4 21. Ne5 Nxf2 22. Nxf7 Rxd1+ 23. Rxd1 Nxd1 24. Nxh8 Nxb2 25. Qxb2 Qa5 26. Kb1 Qd8 27. Qe2 Qb6+ 28. Kc2 Bd4 29. Kc1 Be3+ 30. Kc2 Qd4 31. Qd3 Qb6 32. Ng6 Bd4 33. Kd1 Qa5 34. Ne7+ Kd7 35. Qxd4+ Kxe7 36. Qxg7+ 1-0